Countries With the Most MENSA Members - Statistics

General Stats
  • This quiz has been taken 15 times
  • The average score is 12 of 16
Answer Stats
# Members Country % Correct
19000 UK
100%
2020 Canada
93%
16000 Germany
93%
50000 USA
93%
4500 Japan
86%
2500 Australia
79%
4000 France
79%
4300 Netherlands
79%
2350 Norway
71%
2000 Poland
71%
7200 Sweden
71%
1900 Denmark
64%
3300 Finland
64%
2400 South Korea
57%
4700 Hungary
43%
6040 Czech Republic
36%
No matching quizzes found
Score Distribution
Percent of People with Each Score
Percentile by Number Answered
Your Score History
You have not taken this quiz